000 01137nam a22003137a 4500
003 CHAP
005 20220329134412.0
008 971013s1979 r 00010 d
010 _a19987
011 _a20959
035 _a25048
040 _cCHAP
082 _a630.2
_bB6Y
100 0 0 _aBonciarelli, F.
_913646
245 _aAgronomía
260 _aEspaña :
_bAcademia,
_c1979
300 _a296 p.
_b: ilus.
590 _aBATCH-UPD
_b10
_c20130110
_lUCH01
_h1040
590 _aCONVERSION
_b10
_c20130109
_lUCH01
_h1312
650 1 4 _aAgricultura
_xManuales.
_91733
901 _aBK
942 _cLIBRO
949 _a630.2 B6Y
_bBC
_cLIBRO
_d33724000028072
_eLIBRO
_fc.6
_h56489
_i25048
_so
_t891.00
949 _a630.2 B6Y
_bBC
_cLIBRO
_d33724000028080
_eLIBRO
_fc.5
_h56488
_i25048
_si
_t891.00
949 _a630.2 B6Y
_bBC
_cLIBRO
_d33724000028098
_eLIBRO
_fc.4
_h56487
_i25048
_si
_t891.00
949 _a630.2 B6Y
_bBC
_cLIBRO
_d33724000028106
_eLIBRO
_fc.3
_h50178
_i25048
_si
_t891.00
949 _a630.2 B6Y
_bBC
_cLIBRO
_d33724000612172
_eLIBRO
_fc.2
_h48632
_i25048
_si
_t891.00
949 _a630.2 B6Y
_bBC
_cLIBRO
_d33724000612180
_eLIBRO
_h48631
_i25048
_si
_t891.00
999 _c19987
_d19987